| 000 | 00950nas a2200301 4500 | ||
|---|---|---|---|
| 001 | BR2011006865 | ||
| 003 | BR-BrBNA | ||
| 005 | 20231205120059.0 | ||
| 007 | ta | ||
| 008 | 230509b bl.|||p| |||| 00| 00por d | ||
| 040 |
_aBR-BrBNA _bpor _cBiblioteca Nacional de Agricultura |
||
| 041 | _a(Pt) | ||
| 072 | _aF04 | ||
| 100 | 1 | _aAndrade Neto, R.C. | |
| 100 | 1 | _aMiranda, N.O. | |
| 100 | 1 | _aDuda, G.P. | |
| 100 | 1 | _aGóes, G.B. | |
| 100 | 1 | _aLima, A.S. | |
| 245 | 1 | _aCrescimento e produtividade do sorgo forrageiro BR 601 sob adubação verde | |
| 650 | _aSORGHUM BICOLOR | ||
| 650 | _aMATÉRIA SECA | ||
| 650 | _aADUBO VERDE | ||
| 650 | _aVALOR NUTRITIVO | ||
| 773 | 0 |
_tRevista Brasileira de Engenharia Agrícola e Ambiental (Brazil) _xISSN 1807-1929 _g(Fev 2010), v.14(2) p. 124-130 _wBR2011006865 |
|
| 856 | 4 | 0 | _uhttp://www.scielo.br/pdf/rbeaa/v14n2/v14n02a02.pdf |
| 909 |
_a202311 _bLúcia _c55 _dLúcia Elande |
||
| 942 |
_2AGRIS _n0 _cANA |
||
| 999 |
_c216979 _d216979 |
||